Factibilidad para un Paso Alterno de la Toma de Agua del Acueducto de Orosi en el Embalse El LLano

Salvato in:
Dettagli Bibliografici
Autore principale: Vargas Cordero, Oscar
Natura: Libro
Pubblicazione: San José, Costa Rica 1994
Soggetti:
Tags: Aggiungi Tag
Nessun Tag, puoi essere il primo ad aggiungerne!!

MARC

LEADER 00000nam a2200000Ia 4500
003 007030
005 20221231144314.0
008 140114s1994 cr a m 000 ||s d
040 |c cru CEDI 
090 |a TFG 2791 
100 |a Vargas Cordero, Oscar  |9 11965 
245 |a Factibilidad para un Paso Alterno de la Toma de Agua del Acueducto de Orosi en el Embalse El LLano 
260 |c 1994  |a San José, Costa Rica 
300 |a  vii, [168] hojas : ilustraciones (algunas plegables) ; 28 cm.  
500 |a  Proyecto de graduacion (licenciatura en ingenieria civil)--Universidad de Costa Rica. Facultad de Ingeniería. Escuela de Ingenieria Civil 
650 |x ACUEDUCTO DE OROSI (CARTAGO, COSTA RICA)  |9 11966 
942 |c TFG 
999 |c 19879  |d 19879